[Event "Quilpue U1600"]
[Site "Quilpue"]
[Date "2018.05.20"]
[Round "3.1"]
[White "Neira Zamudio, Rafael Thomas"]
[Black "Gormaz Tapia, Ignacio"]
[Result "0-1"]
[WhiteElo "1333"]
[BlackElo "1549"]
[PlyCount "48"]
[EventDate "2018.05.19"]
[EventType "swiss"]
[EventRounds "6"]
[EventCountry "CHI"]
[SourceTitle "EXT 2024"]
[Source "ChessBase"]
[SourceDate "2023.10.10"]
[SourceVersion "1"]
[SourceVersionDate "2023.10.10"]
[SourceQuality "1"]

1. d4 d5 2. Bf4 Bf5 3. e3 e6 4. Nf3 c5 5. c3 Nc6 6. Bb5 Qb6 7. Bxc6+ bxc6 8. Qd2 cxd4 9. exd4 Nf6 10. 0-0 Nh5 11. Bg3 Nxg3 12. fxg3 h6 13. b3 Bd6 14. Kh1 0-0 15. Re1 c5 16. dxc5 Qxc5 17. Ne5 Qc7 18. Qe3 Rfc8 19. Qf4 f6 20. Qf3 fxe5 21. g4 Bg6 22. h4 e4 23. Qh3 Rf8 24. h5 Bh7 0-1